00560 2200217 4500001002100000005001500021035002000036245004600056100001300102250001400115260004200129300002500171020001800196084002000214084002000234082001000254650001300264008004100277990001200318990001200330INLIS00000000000849620251224013818 a0010-01230000371 aAneka kreasi dari botol bekas /cErnawati aErnawati aCetakan I ayogyakarta :bNew Vita Pustaka,c2022 a53 halaman ;c21 cm. a9786235511214 a745.5 ERN a C.1 a745.5 ERN a C.2 a745.5 4aDekorasi251224 g 0 ind  a022.861 a022.862